00338nam a2200133Ia 450000500170000000800460001703700180006304000200008104100130010108400090011424500410012326000340016449000060019820250507125911.0008 250505s9999 xx 000 0 eng d aBound Volumes aEASLbengcEASL aeng2eng qEASL 0aBulletin of Concerned Asian Scholars aUSAbBerkeley Bill Doubc0000 v4